Dictionnaire biographique et bibliographique... des hommes les plus remarquables dans les lettres, les sciences et les arts... / (Record no. 48322)

MARC details
000 -LEADER
campo de control de longitud fija 00843nam a22001815i 4500
001 - NÚMERO DE CONTROL
campo de control 48322
003 - IDENTIFICADOR DE NÚMERO DE CONTROL
campo de control ES-MaACL
007 - CAMPO FIJO DE DESCRIPCIÓN FÍSICA--INFORMACIÓN GENERAL
campo de control de longitud fija t|
008 - DATOS DE LONGITUD FIJA--INFORMACIÓN GENERAL
campo de control de longitud fija 950712s1875 fr ||||1| fre d
040 ## - FUENTE DE CATALOGACIÓN
Centro catalogador/agencia de origen CAM
Lengua de catalogación spa
Centro/agencia transcriptor CAM
100 1# - ENTRADA PRINCIPAL--NOMBRE DE PERSONA
Nombre de persona Dantès, Alfred.
9 (RLIN) 42662
245 10 - MENCIÓN DEL TÍTULO
Título Dictionnaire biographique et bibliographique... des hommes les plus remarquables dans les lettres, les sciences et les arts... /
Mención de responsabilidad, etc. par Alfred Dantès.
260 ## - PUBLICACIÓN, DISTRIBUCIÓN, ETC.
Lugar de publicación, distribución, etc. Paris :
Nombre del editor, distribuidor, etc. [s.n.],
Fecha de publicación, distribución, etc. 1875 (
Fabricante Vve. P. Larousse)
300 ## - DESCRIPCIÓN FÍSICA
Extensión 1423 p. ;
Dimensiones 25 cm.
505 8# - NOTA DE CONTENIDO CON FORMATO
Nota de contenido con formato Contiene además: Tableau cronologique et alphabetique des principaux evenements de l'histoire du mondee depuis la creation jusqu'a nos jours: 154, [4] p.
740 0# - ENTRADA AGREGADA--TÍTULO RELACIONADO/ANALÍTICO NO CONTROLADO
Título relacionado o analítico no controlado Tableau cronologique et alphabetique du principaux événements de l'histoire du monde depuis la creation jusqu'a nos jours.
852 ## - LOCALIZACIÓN
Ubicación ES-MaACL
Número de control de estantería B-1997
Holdings
Estatus retirado Estado de pérdida Estado de daño No para préstamo Colección Biblioteca de origen Biblioteca actual Ubicación en estantería Fecha de adquisición Fuente de adquisición Total de préstamos Signatura topográfica completa Código de barras Visto por última vez Precio de reemplazo Tipo de ítem Koha
        Libros del s. XIX Biblioteca del Ateneo de Madrid Biblioteca del Ateneo de Madrid Sala Pardo Bazán 17/01/2008     B-1997 1050855 23/02/2023 23/02/2023 Libro impreso antiguo